| 000 | 00924 a2200445 4500 | ||
|---|---|---|---|
| 000 | BKB | ||
| 001 | 069741 | ||
| 005 | 20200902150341.0 | ||
| 008 | |||
| 010 | _a | ||
| 020 | _a | ||
| 082 |
_a659.1 _bD82C |
||
| 100 | 1 | _aDrewniany, Bonnie L. | |
| 110 | _a | ||
| 245 | 1 |
_aCreative advertising _cby Bonnie L. Drewniany and A. Jarome Jewler |
|
| 250 | _a | ||
| 260 |
_aAustralia _bCengage Learning _c2009 |
||
| 300 | _a251p. | ||
| 490 |
_a _v |
||
| 500 | _a | ||
| 600 | _a | ||
| 610 | _a | ||
| 611 | _a | ||
| 630 | _a | ||
| 650 | _a | ||
| 651 | _a | ||
| 654 | _a | ||
| 690 | _aAdvertising; Advertising campaigns; Commercial art | ||
| 700 |
_aJewler, A. Jarome _b _c |
||
| 710 |
_a _b _c |
||
| 711 | _a | ||
| 720 | _a | ||
| 730 | _a | ||
| 740 | _a | ||
| 752 | _a | ||
| 856 |
_a _d _f |
||
| 904 | _a | ||
| 964 |
_a _b _c _d _e _f _g |
||
| 965 | _a | ||
| 999 |
_c3281 _d3281 |
||